MARC details
| 000 -CABECERA |
| campo de control de longitud fija |
01522nam a2200337 a 4500 |
| 001 - NÚMERO DE CONTROL |
| campo de control |
000024206 |
| 003 - IDENTIFICADOR DEL NÚMERO DE CONTROL |
| campo de control |
DO-SdBNP |
| 005 - FECHA Y HORA DE LA ÚLTIMA TRANSACCIÓN |
| campo de control |
20251029134809.0 |
| 008 - DATOS DE LONGITUD FIJA--INFORMACIÓN GENERAL |
| campo de control de longitud fija |
110120s1970 ve r 000 e spa d |
| 040 ## - FUENTE DE LA CATALOGACIÓN |
| Centro catalogador/agencia de origen |
DO-SdBNP |
| Lengua de catalogación |
spa |
| Centro/agencia transcriptor |
BNPHU |
| 041 17 - CÓDIGO DE LENGUA |
| Código de lengua del texto/banda sonora o título independiente |
gem |
| Código de lengua original |
spa |
| Fuente del código |
Código de idioma MARC |
| 049 ## - FONDOS LOCALES (OCLC) |
| Fondos de biblioteca |
BNGR |
| 082 #4 - NÚMERO DE LA CLASIFICACIÓN DECIMAL DEWEY |
| Número de clasificación |
305.55 |
| Número de documento/Ítem |
P742i |
| Número de edición |
22 |
| 245 00 - MENCIÓN DE TÍTULO |
| Título |
Poder e impotencia de los intelectuales : |
| Resto del título |
ensayos / |
| Mención de responsabilidad, etc. |
Kurt Hoffman...[et al.];Versión castellana, Willy Kemp. |
| 260 ## - PUBLICACIÓN, DISTRIBUCIÓN, ETC. |
| Lugar de publicación, distribución, etc. |
Caracas, (Venezuela) : |
| Nombre del editor, distribuidor, etc. |
Monte Avila Editores, |
| Fecha de publicación, distribución, etc. |
1970. |
| 300 ## - DESCRIPCIÓN FÍSICA |
| Extensión |
196 p. ; |
| Dimensiones |
20 cm. |
| 490 1# - MENCIÓN DE SERIE |
| Mención de serie |
Prisma |
| 505 0# - NOTA DE CONTENIDO CON FORMATO |
| Título |
La aparición de los intelectuales en la historia / |
| Mención de responsabilidad |
Golo Mann |
| Título |
Las criaturas que preocupan a la iglesia / |
| Mención de responsabilidad |
Walter Dirks |
| Título |
Los ideólogos de la revolución / |
| Mención de responsabilidad |
Walter Laqueur |
| Título |
Impotencia y poder de los intelectuales en el mundo socialista / |
| Mención de responsabilidad |
Ernst Fischer |
| Título |
El engagement de Jean-Paul Sartre / |
| Mención de responsabilidad |
Jean Amery |
| Título |
High Brown y cabezas de huevo / |
| Mención de responsabilidad |
Anthony Hartley |
| Título |
Los intelectuales de América / |
| Mención de responsabilidad |
Herbert Von Borch |
| Título |
Los intelectuales y los tabúes / Carl Amery |
| Mención de responsabilidad |
Carl Amery |
| Título |
Los autores de este libro |
| 650 #4 - PUNTO DE ACCESO ADICIONAL DE MATERIA--TÉRMINO DE MATERIA |
| Término de materia o nombre geográfico como elemento de entrada |
Intelectuales |
| Subdivisión general |
Aspectos sociales |
| 9 (RLIN) |
43821 |
| 650 #0 - PUNTO DE ACCESO ADICIONAL DE MATERIA--TÉRMINO DE MATERIA |
| Término de materia o nombre geográfico como elemento de entrada |
Vida intelectual |
| 9 (RLIN) |
333 |
| 700 1# - PUNTO DE ACCESO ADICIONAL--NOMBRE DE PERSONA |
| Nombre de persona |
Walter Dirks |
| 9 (RLIN) |
49714 |
| 700 1# - PUNTO DE ACCESO ADICIONAL--NOMBRE DE PERSONA |
| Nombre de persona |
Walter Laqueur |
| 9 (RLIN) |
49715 |
| 700 1# - PUNTO DE ACCESO ADICIONAL--NOMBRE DE PERSONA |
| Nombre de persona |
Ernst Fischer |
| 9 (RLIN) |
49716 |
| 700 1# - PUNTO DE ACCESO ADICIONAL--NOMBRE DE PERSONA |
| Nombre de persona |
Jean Amery |
| 9 (RLIN) |
49717 |
| 700 1# - PUNTO DE ACCESO ADICIONAL--NOMBRE DE PERSONA |
| Nombre de persona |
Anthony Hartley |
| 9 (RLIN) |
49718 |
| 700 1# - PUNTO DE ACCESO ADICIONAL--NOMBRE DE PERSONA |
| Nombre de persona |
Herbert Von Borch |
| 9 (RLIN) |
49719 |
| 700 1# - PUNTO DE ACCESO ADICIONAL--NOMBRE DE PERSONA |
| Nombre de persona |
Carl Amery |
| 9 (RLIN) |
49720 |
| 700 1# - PUNTO DE ACCESO ADICIONAL--NOMBRE DE PERSONA |
| Nombre de persona |
Kemp, Willy |
| 9 (RLIN) |
43830 |
| 830 #0 - PUNTO DE ACCESO ADICIONAL DE SERIE-TÍTULO UNIFORME |
| Título uniforme |
Prisma |
| 9 (RLIN) |
3770 |
| 942 ## - ELEMENTOS DE PUNTO DE ACCESO ADICIONAL (KOHA) |
| Fuente del sistema de clasificación o colocación |
Dewey Decimal Classification |
| Tipo de ítem Koha |
Libro |